[Event "Reykjavik op"]
[Site "Reykjavik"]
[Date "2016.03.16"]
[Round "10"]
[White "Haraldsson, Haraldur"]
[Black "Bruun, Henrik Emil"]
[Result "0-1"]
[WhiteElo "1988"]
[BlackElo "2123"]
[PlyCount "110"]
[EventDate "2016.03.08"]
[EventType "swiss"]
[EventRounds "10"]
[EventCountry "ISL"]
[SourceTitle "CBM 171 Extra"]
[Source "ChessBase"]
[SourceDate "2016.04.26"]
[SourceVersion "1"]
[SourceVersionDate "2016.04.26"]
[SourceQuality "1"]

1. e4 d6 2. d4 Nf6 3. Nc3 g6 4. Nf3 Bg7 5. Be2 0-0 6. 0-0 c5 7. h3 cxd4 8. Nxd4 Nc6 9. Be3 Bd7 10. Nb3 Rc8 11. f4 a6 12. Qd2 b5 13. a3 Na5 14. Nxa5 Qxa5 15. e5 Ne8 16. b4 Qd8 17. Bd4 Be6 18. Qe3 Bc4 19. Rf2 dxe5 20. fxe5 Bxe2 21. Rxe2 Bh6 22. Qd3 Nc7 23. Bc5 Ne6 24. Qxd8 Rfxd8 25. Ne4 Rd7 26. c3 Bf4 27. a4 Bxe5 28. axb5 axb5 29. Ra5 Rb7 30. Re3 f6 31. Kf1 Kf7 32. Ke1 Rd8 33. g3 h6 34. h4 f5 35. Nf2 Bf6 36. Ra6 Nf8 37. Rd3 Rxd3 38. Nxd3 Bxc3+ 39. Ke2 Ne6 40. Be3 h5 41. Rxe6 Kxe6 42. Nc5+ Kd5 43. Nxb7 Bxb4 44. Kd3 Be1 45. Bg5 e5 46. Nd8 Bxg3 47. Nf7 f4 48. Nh8 e4+ 49. Ke2 Ke6 50. Nxg6 Kf5 51. Ne7+ Kg4 52. Nd5 f3+ 53. Ke3 Bxh4 54. Bf4 Kh3 55. Nc3 Kg2 0-1

[Event "Reykjavik op"]
[Site "Reykjavik"]
[Date "2016.03.14"]
[Round "8"]
[White "Hansen, Lars Henrik Bech"]
[Black "Bruun, Henrik Emil"]
[Result "0-1"]
[WhiteElo "1970"]
[BlackElo "2123"]
[PlyCount "30"]
[EventDate "2016.03.08"]
[EventType "swiss"]
[EventRounds "10"]
[EventCountry "ISL"]
[SourceTitle "CBM 171 Extra"]
[Source "ChessBase"]
[SourceDate "2016.04.26"]
[SourceVersion "1"]
[SourceVersionDate "2016.04.26"]
[SourceQuality "1"]

1. e4 d6 2. d4 Nf6 3. Nc3 g6 4. f4 Bg7 5. Nf3 0-0 6. Bd3 Na6 7. e5 dxe5 8. fxe5 Nd5 9. Bc4 Nb6 10. Be2 c5 11. Be3 cxd4 12. Qxd4 Qxd4 13. Bxd4 Nb4 14. 0-0-0 Bf5 15. Bc5 Bh6+ 0-1

[Event "Koge Xtracon op"]
[Site "Koge"]
[Date "2015.10.17"]
[Round "8"]
[White "Bruun, Henrik Emil"]
[Black "Nielsen, Rogvi Egilstoft"]
[Result "1-0"]
[WhiteElo "2115"]
[BlackElo "2301"]
[PlyCount "61"]
[EventDate "2015.10.12"]
[EventType "swiss"]
[EventRounds "9"]
[EventCountry "DEN"]
[SourceTitle "CBM 168 Extra"]
[Source "ChessBase"]
[SourceDate "2015.10.29"]
[SourceVersion "1"]
[SourceVersionDate "2015.10.29"]
[SourceQuality "1"]

1. e4 d5 2. exd5 Nf6 3. d4 Bg4 4. Bb5+ Nbd7 5. f3 Bf5 6. g4 Bg6 7. Nc3 a6 8. Ba4 b5 9. Bb3 Nb6 10. a4 Nbxd5 11. Nxd5 Nxd5 12. Qe2 e6 13. axb5 a5 14. h4 h5 15. g5 Bd6 16. Nh3 0-0 17. Bd2 Bg3+ 18. Nf2 e5 19. Kf1 exd4 20. Ne4 Re8 21. Kg2 Be5 22. Rhe1 Kh8 23. Qc4 Nb6 24. Qc6 d3 25. c3 Qc8 26. Rad1 a4 27. Ba2 a3 28. b4 Kg8 29. Qxg6 Qd7 30. Nf6+ Bxf6 31. gxf6 1-0

[Event "Bronshoj SenSommer A"]
[Site "Bronshoj"]
[Date "2015.08.26"]
[Round "2"]
[White "Christensen, Janus"]
[Black "Bruun, Henrik Emil"]
[Result "1/2-1/2"]
[WhiteElo "2124"]
[BlackElo "2115"]
[PlyCount "141"]
[EventDate "2015.08.20"]
[EventType "swiss"]
[EventRounds "7"]
[EventCountry "DEN"]
[SourceTitle "EXT 2024"]
[Source "ChessBase"]
[SourceDate "2023.10.10"]
[SourceVersion "1"]
[SourceVersionDate "2023.10.10"]
[SourceQuality "1"]

1. d4 Nf6 2. c4 c5 3. d5 e6 4. Nc3 exd5 5. cxd5 d6 6. e4 g6 7. Bf4 Bg7 8. Qa4+ Bd7 9. Qb3 0-0 10. Qxb7 Qa5 11. Bd2 Qb6 12. Qxb6 axb6 13. f3 Na6 14. 0-0-0 Rfb8 15. Bf4 Ne8 16. Bb5 Rd8 17. Nge2 Nec7 18. Bc6 Bxc6 19. dxc6 b5 20. Kb1 b4 21. Nd5 Nb5 22. c7 Nbxc7 23. Nxc7 Nxc7 24. Bxd6 Ne6 25. e5 Ra6 26. Rc1 Rda8 27. Bxc5 Bxe5 28. Bxb4 Bxb2 29. Rc2 Bf6 30. Bc3 Be7 31. Ng3 f5 32. Re1 Kf7 33. Rb2 Rc8 34. Be5 Rac6 35. Ne2 Nc5 36. Nd4 Nd3 37. Nxc6 Rxc6 38. Rbe2 Rb6+ 39. Kc2 Nxe1+ 40. Rxe1 Ra6 41. Kb1 Bb4 42. Re3 Rc6 43. Rb3 Bd2 44. Bb2 Ke6 45. Rd3 Bf4 46. g3 Bd6 47. f4 Rc4 48. Rd4 Rxd4 49. Bxd4 Kd5 50. Bf6 Ke4 51. a4 Bc7 52. Kc2 Kf3 53. Be5 Bb6 54. Kd3 Kg2 55. Bd4 Bc7 56. Ke2 Kxh2 57. Kf3 Ba5 58. g4 h5 59. g5 h4 60. Kf2 h3 61. Kf3 Bd2 62. Bb6 Bxf4 63. a5 Bb8 64. a6 Kh1 65. Kf2 h2 66. Kf1 f4 67. Bc7 Ba7 68. Bxf4 Bb6 69. Be5 Bc5 70. Bb8 Bb6 71. a7 1/2-1/2

[Event "Berlin Lichtenrade op 09th"]
[Site "Berlin"]
[Date "2013.10.02"]
[Round "5"]
[White "Schmidek, Emil"]
[Black "Bruun, Henrik Emil"]
[Result "1-0"]
[WhiteElo "1940"]
[BlackElo "2092"]
[PlyCount "81"]
[EventDate "2013.09.28"]
[EventType "swiss"]
[EventRounds "9"]
[EventCountry "GER"]
[SourceTitle "CBM 156 Extra"]
[Source "ChessBase"]
[SourceDate "2013.10.22"]
[SourceVersion "1"]
[SourceVersionDate "2013.10.22"]
[SourceQuality "1"]

1. e4 g6 2. d4 Bg7 3. Nc3 d6 4. f4 Nf6 5. Nf3 0-0 6. Bd3 Na6 7. a3 c5 8. d5 Nc7 9. 0-0 Rb8 10. a4 Bd7 11. Qe1 b5 12. axb5 Bxb5 13. Nxb5 Nxb5 14. Ra5 Nc7 15. Rxa7 Rb4 16. b3 Qb8 17. Ra2 e6 18. Bd2 Rb7 19. dxe6 Nxe6 20. f5 Nd8 21. Qh4 Nc6 22. Bc3 Qd8 23. fxg6 fxg6 24. Ng5 Nh5 25. Bc4+ Kh8 26. Bxg7+ Rxg7 27. Rxf8+ Qxf8 28. Ne6 Qe7 29. Qxe7 Nxe7 30. Nxg7 Kxg7 31. Ra6 Nf6 32. Rxd6 Ng4 33. h3 Ne3 34. Rd7 Kf8 35. Bd3 h5 36. Rc7 g5 37. Rxc5 Ng6 38. Kf2 Nd1+ 39. Ke2 Nb2 40. Rxg5 Nf4+ 41. Ke3 1-0

[Event "Politiken Cup 35th"]
[Site "Helsingor"]
[Date "2013.07.31"]
[Round "6"]
[White "Nilsen, Martin"]
[Black "Bruun, Henrik Emil"]
[Result "1/2-1/2"]
[WhiteElo "1820"]
[BlackElo "2078"]
[PlyCount "60"]
[EventDate "2013.07.27"]
[EventType "swiss"]
[EventRounds "10"]
[EventCountry "DEN"]
[SourceTitle "CBM 155 Extra"]
[Source "ChessBase"]
[SourceDate "2013.08.26"]
[SourceVersion "1"]
[SourceVersionDate "2013.08.26"]
[SourceQuality "1"]

1. e4 d6 2. d4 g6 3. Nf3 Bg7 4. Be3 Nf6 5. Nc3 0-0 6. Qd2 c6 7. a4 Nbd7 8. h3 Qa5 9. Rb1 Qb4 10. Bd3 c5 11. 0-0 cxd4 12. Bxd4 Nc5 13. Bxf6 Bxf6 14. Nd5 Qxd2 15. Nxf6+ exf6 16. Nxd2 Nxa4 17. Nc4 Rd8 18. Ra1 b5 19. Na5 a6 20. Be2 Re8 21. c4 Rb8 22. cxb5 axb5 23. Bxb5 Rxb5 24. Rxa4 Rxb2 25. Nc4 Re2 26. Ra8 Bd7 27. Rxe8+ Bxe8 28. Nxd6 Bc6 29. f3 Rc2 30. Ra1 Rd2 1/2-1/2

[Event "Copenhagen Bronshoj-ch"]
[Site "Copenhagen"]
[Date "2013.06.04"]
[Round "4"]
[White "Bruun, Henrik Emil"]
[Black "Kryger, Oksana"]
[Result "1/2-1/2"]
[WhiteElo "2047"]
[BlackElo "2136"]
[PlyCount "96"]
[EventDate "2013.02.28"]
[EventType "tourn"]
[EventRounds "9"]
[EventCountry "DEN"]
[SourceTitle "EXT 2016"]
[Source "ChessBase"]
[SourceDate "2015.10.08"]
[SourceVersion "1"]
[SourceVersionDate "2015.10.08"]
[SourceQuality "1"]

1. e4 e6 2. d4 d5 3. e5 c5 4. c3 Nc6 5. Nf3 Qb6 6. a3 c4 7. Nbd2 Na5 8. g3 Bd7 9. h4 f6 10. Bh3 0-0-0 11. 0-0 Nh6 12. Re1 Nf7 13. Qc2 Be7 14. Rb1 f5 15. b4 cxb3 16. Nxb3 Nxb3 17. Qxb3 Qxb3 18. Rxb3 Ba4 19. Rb2 h6 20. Bf1 g5 21. c4 Bc6 22. c5 gxh4 23. Be3 Rdg8 24. Kh2 hxg3+ 25. fxg3 Ng5 26. Bxg5 hxg5+ 27. Kg1 Rh7 28. Nd2 f4 29. Nb3 Bd8 30. Reb1 fxg3 31. Kg2 g4 32. Kxg3 Bh4+ 33. Kg2 Bd8 34. Bd3 Rh3 35. Be2 Re3 36. Rf1 Ba4 37. Nc1 Rxa3 38. Nd3 Bc6 39. Rf2 a5 40. Nf4 a4 41. Nxe6 Rb3 42. Rxb3 axb3 43. Nxd8 Kxd8 44. Rf1 Ke7 45. Rb1 Ra8 46. Rxb3 Ra4 47. Bxg4 Rxd4 48. Bc8 Rc4 1/2-1/2

[Event "Koge Niels Juel Cup"]
[Site "Koge"]
[Date "2013.04.27"]
[Round "10"]
[White "Bruun, Henrik Emil"]
[Black "Kokholm, Daniel"]
[Result "1/2-1/2"]
[WhiteElo "2085"]
[BlackElo "1937"]
[PlyCount "57"]
[EventDate "2013.04.20"]
[EventType "swiss"]
[EventRounds "10"]
[EventCountry "DEN"]
[SourceTitle "CBM 154 Extra"]
[Source "ChessBase"]
[SourceDate "2013.06.25"]
[SourceVersion "2"]
[SourceVersionDate "2013.06.25"]
[SourceQuality "1"]

1. e4 d6 2. d4 Nf6 3. f3 g6 4. Be3 c6 5. c4 Bg7 6. Qd2 0-0 7. Nc3 e5 8. d5 Ne8 9. g4 Qh4+ 10. Bf2 Qe7 11. h4 h6 12. 0-0-0 c5 13. Nge2 Nc7 14. Ng3 a5 15. Na4 Ra6 16. h5 g5 17. Kb1 b6 18. Bd3 Rd8 19. Bc2 Qe8 20. Nc3 Bd7 21. Nf5 Bf8 22. Be3 f6 23. Ne2 b5 24. cxb5 Nxb5 25. Bd3 Ra7 26. Bxb5 Bxb5 27. Nc3 Bd7 28. a3 Rc8 29. Qc2 1/2-1/2

[Event "DEN-ch G7-1"]
[Site "Helsingor"]
[Date "2012.04.04"]
[Round "2"]
[White "Bruun, Henrik Emil"]
[Black "Hoyer, Jacob"]
[Result "0-1"]
[WhiteElo "2047"]
[BlackElo "2123"]
[PlyCount "98"]
[EventDate "2012.04.03"]
[EventType "swiss"]
[EventRounds "7"]
[EventCountry "DEN"]
[SourceTitle "EXT 2018"]
[Source "ChessBase"]
[SourceDate "2017.10.13"]
[SourceVersion "1"]
[SourceVersionDate "2017.10.13"]
[SourceQuality "1"]

1. e4 c6 2. d4 d5 3. e5 Bf5 4. Nf3 e6 5. Be2 c5 6. 0-0 Nc6 7. c4 dxc4 8. Bxc4 cxd4 9. Qb3 Qc7 10. Na3 a6 11. Bd2 Rd8 12. Rac1 Bxa3 13. Qxa3 Nge7 14. Bb4 Nxb4 15. Qxb4 Nc6 16. Qa3 Be4 17. Nd2 Bd5 18. f4 Qa5 19. Qxa5 Nxa5 20. Bxd5 Rxd5 21. Rc8+ Rd8 22. Rxd8+ Kxd8 23. Nf3 Ke7 24. Rd1 Nc6 25. Nxd4 Nb4 26. Rc1 Rd8 27. Rc7+ Rd7 28. Rxd7+ Kxd7 29. Kf2 Nxa2 30. Ke3 Nb4 31. Ke4 Nc6 32. Nf3 h6 33. g4 b5 34. f5 a5 35. h4 a4 36. h5 exf5+ 37. gxf5 b4 38. Nd2 Ne7 39. Nc4 Kc6 40. f6 gxf6 41. exf6 Ng8 42. Kd4 Nxf6 43. Ne5+ Kb5 44. Nxf7 b3 45. Kd3 Kb4 46. Kd2 a3 47. bxa3+ Kxa3 48. Ne5 b2 49. Nc4+ Ka2 0-1

[Event "DEN-ch G7-1"]
[Site "Odense"]
[Date "2011.04.22"]
[Round "4"]
[White "Andersen, Rune Egede"]
[Black "Bruun, Henrik Emil"]
[Result "1-0"]
[WhiteElo "2082"]
[BlackElo "2067"]
[PlyCount "39"]
[EventDate "2011.04.19"]
[EventType "swiss"]
[EventRounds "7"]
[EventCountry "DEN"]
[SourceTitle "EXT 2018"]
[Source "ChessBase"]
[SourceDate "2017.10.13"]
[SourceVersion "1"]
[SourceVersionDate "2017.10.13"]
[SourceQuality "1"]

1. e4 d6 2. d4 Nf6 3. Nc3 g6 4. Be3 Bg7 5. Qd2 0-0 6. 0-0-0 c6 7. Bh6 b5 8. f3 b4 9. Nce2 Bxh6 10. Qxh6 Qa5 11. Kb1 Na6 12. Nc1 c5 13. e5 Nd5 14. Nb3 Qa4 15. dxc5 Nc3+ 16. bxc3 bxc3 17. Bxa6 Bxa6 18. exd6 exd6 19. Rd4 Qb5 20. Nh3 1-0

[Event "Politiken Cup 31st"]
[Site "Helsingor"]
[Date "2009.07.19"]
[Round "3"]
[White "Torkilseng, Runar"]
[Black "Bruun, Henrik Emil"]
[Result "1/2-1/2"]
[WhiteElo "1824"]
[BlackElo "2093"]
[PlyCount "53"]
[EventDate "2009.07.18"]
[EventType "swiss"]
[EventRounds "10"]
[EventCountry "DEN"]
[SourceTitle "CBM 131 Extra"]
[Source "ChessBase"]
[SourceDate "2009.09.03"]
[SourceVersion "2"]
[SourceVersionDate "2009.09.16"]
[SourceQuality "1"]

1. b3 e5 2. Bb2 Nc6 3. e3 Nf6 4. Bb5 d6 5. Bxc6+ bxc6 6. Ne2 c5 7. 0-0 Be7 8. f4 exf4 9. Nxf4 0-0 10. Nc3 Bb7 11. d3 Qd7 12. e4 Rae8 13. h3 Bd8 14. Qd2 h6 15. Rae1 c6 16. Nd1 Nh7 17. Nh5 f6 18. Ng3 Bc7 19. Nf5 d5 20. Qf2 d4 21. Bc1 Ng5 22. Bf4 Bc8 23. Bxc7 Qxc7 24. Qf4 Qxf4 25. Rxf4 Nf7 26. Ref1 Re6 27. Nb2 1/2-1/2

[Event "Southcoast Autumn B"]
[Site "Greve"]
[Date "1999.10.24"]
[Round "4"]
[White "Bruun, Henrik Emil"]
[Black "Pallesen, Jacob"]
[Result "0-1"]
[WhiteElo "2018"]
[BlackElo "1966"]
[PlyCount "86"]
[EventDate "1999.10.22"]
[EventType "tourn"]
[EventRounds "5"]
[EventCountry "DEN"]
[SourceTitle "EXT 2023"]
[Source "ChessBase"]
[SourceDate "2022.10.05"]
[SourceVersion "1"]
[SourceVersionDate "2022.10.05"]
[SourceQuality "1"]

1. e4 c5 2. Nf3 e6 3. d4 cxd4 4. Nxd4 Nc6 5. Be3 Qc7 6. Nc3 a6 7. Qd2 Nf6 8. f3 Bb4 9. 0-0-0 b5 10. Kb1 0-0 11. g4 Rd8 12. g5 Ne8 13. h4 Bb7 14. h5 Rac8 15. Bd3 Nxd4 16. Bxd4 e5 17. Be3 Bxc3 18. bxc3 d5 19. g6 dxe4 20. gxf7+ Qxf7 21. fxe4 Bxe4 22. Rhf1 Nf6 23. Qh2 Bxd3 24. cxd3 Qxh5 25. Qxh5 Nxh5 26. Rf5 Nf4 27. Bxf4 exf4 28. Kc2 Rf8 29. Rg5 Rce8 30. Rd2 Rf6 31. d4 h6 32. Rc5 g5 33. d5 f3 34. d6 g4 35. d7 Rd8 36. Rc8 Rff8 37. Rc6 Kg7 38. Re6 Rf7 39. Re4 h5 40. Re5 Rfxd7 41. Rxd7+ Rxd7 42. Rxh5 f2 43. Rg5+ Kf6 0-1

[Event "Lovfalds 13th C"]
[Site "Ringsted"]
[Date "1999.09.18"]
[Round "2"]
[White "Krogh, Peter Ove"]
[Black "Bruun, Henrik Emil"]
[Result "1-0"]
[WhiteElo "1987"]
[BlackElo "1994"]
[PlyCount "119"]
[EventDate "1999.09.17"]
[EventType "tourn"]
[EventRounds "5"]
[EventCountry "DEN"]
[SourceTitle "EXT 2023"]
[Source "ChessBase"]
[SourceDate "2022.10.05"]
[SourceVersion "1"]
[SourceVersionDate "2022.10.05"]
[SourceQuality "1"]

1. c4 Nf6 2. Nc3 g6 3. e4 d6 4. d4 Bg7 5. Nf3 0-0 6. Be3 Nc6 7. d5 Nb8 8. h3 c5 9. Be2 b5 10. cxb5 a6 11. 0-0 axb5 12. Bxb5 Ba6 13. Bxa6 Nxa6 14. Qd2 Qa5 15. a3 Rfb8 16. Rab1 Rb7 17. Rfc1 Rab8 18. Qc2 Nd7 19. Bd2 Nc7 20. Ne1 Ne5 21. Nd1 Qa6 22. f4 Nd7 23. Bc3 Nb5 24. Bxg7 Kxg7 25. Nf3 f6 26. Kh2 Qa5 27. Nc3 Nxc3 28. bxc3 Qxa3 29. Ra1 Qb3 30. Qe2 Qb2 31. Qe3 Qb6 32. e5 c4 33. Qe2 dxe5 34. Qxc4 exf4 35. Qxf4 Qd6 36. Qxd6 exd6 37. Ra6 Rb6 38. Rca1 Nc5 39. Ra7+ R6b7 40. Nd4 Rxa7 41. Rxa7+ Rb7 42. Ne6+ Kh6 43. Rxb7 Nxb7 44. g4 g5 45. Kg3 Kg6 46. Nd4 Nc5 47. Kf3 Nd3 48. Nf5 Ne5+ 49. Ke4 Nf7 50. c4 h5 51. Kd4 hxg4 52. hxg4 Kh7 53. c5 dxc5+ 54. Kxc5 Kg8 55. d6 Kf8 56. Kd5 Nd8 57. d7 Kf7 58. Kd6 Kg6 59. Ke7 Nc6+ 60. Ke8 1-0